000 01025cpmaa2200289 a 4500
001 mm 79001773
003 DLC
005 20260227111638.0
008 791120|||||||||||| eng
010 _amm 79001773
040 _aDLC
_edacs
_cDLC
_dDLC
072 7 _aN
_2lcmd
100 1 _aSmith, John A.
_c(Lawyer)
245 0 0 _aJohn A. Smith correspondence,
_f1841 March 17.
300 _a1
_fitem.
506 0 _aOpen to research.
520 8 _aTranscript of a letter written by Smith to Charles Neale relating to sale of property and other legal matters.
533 _aHandwritten transcript.
_b[S.l.].
545 0 _aLawyer.
546 _aCollection material in English.
580 _aForms part of: Miscellaneous Manuscripts collection.
600 1 0 _aNeale, Charles
_vCorrespondence.
650 0 _aProperty.
656 7 _aLawyers.
_2itoamc
999 _c40928
_d40928